Fußball Tic Tac Toe - Statistiken

Allgemein
  • Dieses Quiz wurde 5.888 mal gespielt
  • Das Durchschnittsergebnis liegt bei 5 aus 9
Antwortstatistiken
FSV Mainz 05 % Korrekt
...........X............
76%
HSV ...........X............
75%
...........X............
67%
...........X............
66%
...........X............
49%
...........X............
47%
Borussia Dortmund ...........X............
44%
Bayern München ...........X............
41%
...........X............
27%
Keine übereinstimmenden Quizze gefunden
Verteilung der Resultate
Anzahl Personen mit jedem Resultat
Perzentil nach korrekt beantworteten Fragen
Ihre Resultats-Entwicklung
Sie haben dieses Quiz noch nicht gespielt